| 000 | 00363nam a2200133Ia 4500 | ||
|---|---|---|---|
| 008 | 210210b1981 xxu||||| |||| 00| 0 eng d | ||
| 082 | _a320 JATP | ||
| 100 | _aJATKAR (S D) & Jayaram. | ||
| 245 | _aPolitical theory & institutions. | ||
| 260 |
_aND _bSterling Publishiers Private Limited. _c1981 |
||
| 300 | _av,205 | ||
| 690 | _aPolitical Theory | ||
| 906 | _a035582 | ||
| 999 |
_c86378 _d86378 |
||